Logo CIB grande

Introduction To Practical Marine Engineering. Volume 2: Figures (Registro nro. 235400)

Detalles MARC
000 -LEADER
campo de control de longitud fija 00828nam a2200253Ia 4500
005 - FECHA Y HORA DE LA ÚLTIMA TRANSACCIÓN
campo de control 20250425162733.0
008 - DATOS DE LONGITUD FIJA--INFORMACIÓN GENERAL
campo de control de longitud fija 250425s9999 xx 000 0 und d
020 ## - NÚMERO INTERNACIONAL ESTÁNDAR DEL LIBRO
Número Internacional Estándar del Libro 0939773481
041 ## - CÓDIGO DE IDIOMA
Código de lengua del texto/banda sonora o título independiente eng
082 ## - NÚMERO DE LA CLASIFICACIÓN DECIMAL DEWEY
Número de clasificación 623.8
Iniciales del Autor ROW
010 ## - NÚMERO DE CONTROL DE LA BIBLIOTECA DEL CONGRESO
Número de control de LC 104291
100 ## - ENTRADA PRINCIPAL--NOMBRE DE PERSONA
Nombre de persona Rowen, Alan L
245 #0 - MENCIÓN DEL TÍTULO
Título Introduction To Practical Marine Engineering. Volume 2: Figures
Mención de responsabilidad, etc. Alan L. Rowen; Raymond F. Gardner; José Femenia; David S. Chapman; Edwin G. Wiggins
250 ## - MENCION DE EDICION
Mención de edición 1a. edición
260 ## - PUBLICACIÓN, DISTRIBUCIÓN, ETC.
Lugar de publicación, distribución, etc. New York
Nombre del editor, distribuidor, etc. The Society Of Naval Architects And Marine Engineers
Fecha de publicación, distribución, etc. 2005
300 ## - DESCRIPCIÓN FÍSICA
Extensión 225 p.
Dimensiones 27.4 cm.
500 ## - NOTA GENERAL
Nota general Contenido
650 ## - PUNTO DE ACCESO ADICIONAL DE MATERIA--TÉRMINO DE MATERIA
Término de materia o nombre geográfico como elemento de entrada Ingeniería Naval
700 ## - ENTRADA AGREGADA--NOMBRE PERSONAL
Nombre de persona Chapman, David S.
Término indicativo de función/relación Coautor
700 ## - ENTRADA AGREGADA--NOMBRE PERSONAL
Nombre de persona Femenia, Jose
Término indicativo de función/relación Coautor
700 ## - ENTRADA AGREGADA--NOMBRE PERSONAL
Nombre de persona Gardner, Raymond F.
Término indicativo de función/relación Coautor
700 ## - ENTRADA AGREGADA--NOMBRE PERSONAL
Nombre de persona Wiggins, Edwin G.
Término indicativo de función/relación Coautor
942 ## - ELEMENTOS DE ENTRADA SECUNDARIOS (KOHA)
Tipo de ítem Koha Libros
Existencias
Estatus retirado Estado de pérdida Estado de daño No para préstamo Biblioteca de origen Biblioteca actual Fecha de adquisición Coste, precio normal de compra Etiqueta RFID Total de préstamos Código de barras Copia número Tipo de ítem Koha
        CENTRO DE INFORMACIÓN BIBLIOTECARIA CENTRO DE INFORMACIÓN BIBLIOTECARIA 26/09/2017 255.00 0000000000000000037677   46345 1 Libros

Copyright 2025 ESPOL. Todos los derechos reservados.